Northamptonshire Train Stations - Statistics

General Stats
  • This quiz has been taken 68 times
  • The average score is 5 of 6
Answer Stats
Main Operator Station % Correct
London Northwestern Railway Northampton
98%
East Midlands Railway Kettering
93%
East Midlands Railway Corby
87%
East Midlands Railway Wellingborough
85%
London Northwestern Railway Long Buckby
69%
Chiltern Railways Kings Sutton
43%
No matching quizzes found
Score Distribution
Percent of People with Each Score
Percentile by Number Answered
Your Score History
You have not taken this quiz